ARRUPE JESUIT UNIVERSITY

CORONAVIRUS -STOP THE SPREAD - CLEAN,DISINFECT,COVER

National treatment / (Record no. 130273)

MARC details
000 -LEADER
fixed length control field 01106cam a22003017a 4500
001 - CONTROL NUMBER
control field 12145880
003 - CONTROL NUMBER IDENTIFIER
control field ARRUPE
005 - DATE AND TIME OF LATEST TRANSACTION
control field 20200203102816.0
008 - FIXED-LENGTH DATA ELEMENTS--GENERAL INFORMATION
fixed length control field 990909s1999 nyu b i000 0 eng d
010 ## - LIBRARY OF CONGRESS CONTROL NUMBER
LC control number 00388335
020 ## - INTERNATIONAL STANDARD BOOK NUMBER
International Standard Book Number 9211124557
035 ## - SYSTEM CONTROL NUMBER
System control number (OCoLC)ocm42333686
040 ## - CATALOGING SOURCE
Original cataloging agency UIU
Transcribing agency UIU
Modifying agency EMU
-- DLC
042 ## - AUTHENTICATION CODE
Authentication code lccopycat
050 00 - LIBRARY OF CONGRESS CALL NUMBER
Classification number K3830
Item number .N38 1999
300 ## - PHYSICAL DESCRIPTION
Dimensions 21 cm.
245 00 - TITLE STATEMENT
Title National treatment /
Statement of responsibility, etc United Nations Conference on Trade and Development.
260 ## - PUBLICATION, DISTRIBUTION, ETC. (IMPRINT)
Place of publication, distribution, etc New York :
Name of publisher, distributor, etc United Nations,
Date of publication, distribution, etc 1999.
300 ## - PHYSICAL DESCRIPTION
Extent x, 85 p. ;
440 #0 - SERIES STATEMENT/ADDED ENTRY--TITLE
Title UNCTAD series on issues in international investment agreements
9 (RLIN) 48325
500 ## - GENERAL NOTE
General note "UNCTAD/ITE/IIT/11(Vol. IV)"--T.p. verso.
500 ## - GENERAL NOTE
General note "United Nations publication, Sales No. E.99.II.D.16"--T.p. verso.
504 ## - BIBLIOGRAPHY, ETC. NOTE
Bibliography, etc Includes bibliographical references (p. 71-75).
650 #0 - SUBJECT ADDED ENTRY--TOPICAL TERM
Topical term or geographic name as entry element Investments, Foreign
General subdivision Law and legislation.
9 (RLIN) 49293
710 2# - ADDED ENTRY--CORPORATE NAME
Corporate name or jurisdiction name as entry element United Nations Conference on Trade and Development.
9 (RLIN) 26489
906 ## - LOCAL DATA ELEMENT F, LDF (RLIN)
a 7
b cbc
c copycat
d 3
e ncip
f 20
g y-gencatlg
942 ## - ADDED ENTRY ELEMENTS (KOHA)
Source of classification or shelving scheme Library of Congress Classification
Koha item type Monograph ( Printed materials)
Holdings
Withdrawn status Lost status Source of classification or shelving scheme Damaged status Not for loan Collection code Home library Current library Shelving location Date acquired Total Checkouts Full call number Barcode Date last seen Price effective from Koha item type
    Library of Congress Classification     Main Collection ARRUPE LIBRARY ARRUPE LIBRARY Main Collection 03/02/2020   K3830 .N38 1999 46600006603 03/02/2020 03/02/2020 Monograph ( Printed materials)

 

Arrupe Library. PO Box MP320 Mt Pleasant, Harare, Zimbabwe
263 242 745411|librarian@aju.ac.zw